000 00741cam a22002537a 4500
003 CHAP
005 20220329135700.0
008 971013s1994 r 00010 d
010 _a40508
011 _a41480
035 _a45606
040 _cCHAP
082 _a581.192
_bH35
100 0 0 _aHarborne, Jeffrey Barry
_eed.
_952623
245 1 4 _aThe flavonoids
_b: advances in research since 1986
260 _aLondon :
_bChapman & Hall,
_c1994
300 _a676 p.
590 _aBATCH-UPD
_b10
_c20130110
_lUCH01
_h2041
590 _aCONVERSION
_b10
_c20130109
_lUCH01
_h1322
650 1 4 _aFlavonoides.
_941237
901 _aBK
942 _cLIBRO
949 _a581.192 H35
_bBC
_cLIBRO
_d33724000002044
_eLIBRO
_gI.175594
_h88401
_i45606
_si
_t1055.79
999 _c40508
_d40508